000 00297nam a22001337a 4500
008 170531b xxu||||| |||| 00| 0 eng d
020 _a9780072490534
041 _aeng
080 _211TH
_a94(7/8)
100 _a17
101 _aSHH
245 _aAMERICAN HISTORY
_cBRINKLEY, A
942 _2udc
_cBK
999 _c15129
_d15129